Statistics for Monopoly Property Prices

Click here to take the quiz!

General Stats

  • This quiz has been taken 245 times
  • The average score is 9 of 11

Answer Stats

Hint Answer % Correct
Mediterranean Avenue60
95%
B&O Railroad200
94%
Boardwalk400
91%
Electric Company150
88%
North Carolina Avenue300
88%
Park Place350
88%
Connecticut Avenue120
85%
St. James Place180
82%
Kentucky Avenue220
73%
Marvin Gardens280
69%
States Avenue140
68%

Score Distribution

Percentile by Number Answered

Percent of People with Each Score

Your Score History

You have not taken this quiz